Tratado de derecho penal internacional (Registro nro. 73607)

Detalles MARC
000 -ENCABEZADO
Número de control [NR] 01493nam a2200397Ia 4500
005 - FECHA Y HORA DE LA ÚLTIMA TRANSACCIÓN
control field 20211105120651.0
008 - DE LONGITUD FIJA DE DATOS DE ELEMENTOS - INFORMACIÓN GENERAL
Elementos de longitud fija [NR] 130821s2011 sp gr spa
020 ## - NUMERO INTERNACIONAL NORMALIZADO PARA LIBROS [R]
Número Internacional Normalizado del libro [NR] 9788490041109 (2a.Ed.)
020 ## - NUMERO INTERNACIONAL NORMALIZADO PARA LIBROS [R]
Número Internacional Normalizado del libro [NR] 8484564282
040 ## - FUENTE DE CATALOGACION [NR]
Agencia de catalogación original [NR] Co-BoUCM
Idioma de catalogación [NR] spa
Quien Cataloga Saul Niño (Modificó)
Quien Clasifica [Nuevo]
041 00 - CODIGO DE IDIOMA [R]
Código de idioma para texto/pista de sonido o título separado [R] Español
100 1# - ASIENTO PRINCIPAL--NOMBRE PERSONAL [NR]
Nombre personal [NR] Werle, Gerhard
ID Autoridad 62833
245 10 - MENCION DE TITULO [NR]
Título [NR] Tratado de derecho penal internacional
Mención de responsabilidad, etc. [NR] Gerhard Werle ; Florian Jessberger...[et al.]. colaboradores ; traducción de Claudia Cárdenas Aravena, Jaime Couso Salas y María Gutiérrez Rodrígrez
250 ## - MENCION DE EDICION [NR]
Mención de edición [NR] Segunda edición
260 ## - PUBLICACION, DISTRIBUCION, ETC. (PIE DE IMPRENTA) [R]
Lugar de publicación, distribución, etc. [R] Valencia (España)
Nombre del editor, distribuidor, etc. [R] Tirant lo Blanch
Fecha de publicación, distribución, etc. [R] 2011
300 ## - DESCRIPCION FISICA [R]
Extensión [R] 999 páginas
490 0# - MENCION DE SERIE [R]
Mención de serie [R] Tirant lo blanch tratados.
650 ## - ASIENTO SECUNDARIO DE MATERIA - TERMINO TEMATICO [R]
Término temático o nombre geográfico como elemento de entrada [NR] Crímenes de guerra
9 (RLIN) 12145
650 ## - ASIENTO SECUNDARIO DE MATERIA - TERMINO TEMATICO [R]
Término temático o nombre geográfico como elemento de entrada [NR] Crímenes de lesa humanidad
9 (RLIN) 12146
650 ## - ASIENTO SECUNDARIO DE MATERIA - TERMINO TEMATICO [R]
Término temático o nombre geográfico como elemento de entrada [NR] Delitos internacionales
9 (RLIN) 7489
650 ## - ASIENTO SECUNDARIO DE MATERIA - TERMINO TEMATICO [R]
Término temático o nombre geográfico como elemento de entrada [NR] Derecho internacional
9 (RLIN) 12776
650 ## - ASIENTO SECUNDARIO DE MATERIA - TERMINO TEMATICO [R]
Término temático o nombre geográfico como elemento de entrada [NR] Derecho internacional
9 (RLIN) 12776
650 ## - ASIENTO SECUNDARIO DE MATERIA - TERMINO TEMATICO [R]
Término temático o nombre geográfico como elemento de entrada [NR] Derecho penal
9 (RLIN) 12805
650 ## - ASIENTO SECUNDARIO DE MATERIA - TERMINO TEMATICO [R]
Término temático o nombre geográfico como elemento de entrada [NR] Derecho penal
9 (RLIN) 12805
650 ## - ASIENTO SECUNDARIO DE MATERIA - TERMINO TEMATICO [R]
Término temático o nombre geográfico como elemento de entrada [NR] Jurisdicción penal
9 (RLIN) 260
700 1# - ASIENTO SECUNDARIO - NOMBRE PERSONAL [R]
Nombre personal [NR] Burghardt, Boris
9 (RLIN) 95240
700 1# - ASIENTO SECUNDARIO - NOMBRE PERSONAL [R]
Nombre personal [NR] Cárdenas Aravena, Claudia
9 (RLIN) 95241
700 1# - ASIENTO SECUNDARIO - NOMBRE PERSONAL [R]
Nombre personal [NR] Couso Salas, Jaime
9 (RLIN) 95242
700 1# - ASIENTO SECUNDARIO - NOMBRE PERSONAL [R]
Nombre personal [NR] Gutiérrez Rodríguez, María
9 (RLIN) 95243
700 1# - ASIENTO SECUNDARIO - NOMBRE PERSONAL [R]
Nombre personal [NR] Jessberger, Florian
9 (RLIN) 95244
700 1# - ASIENTO SECUNDARIO - NOMBRE PERSONAL [R]
Nombre personal [NR] Nerlich, Volker
9 (RLIN) 95245
700 1# - ASIENTO SECUNDARIO - NOMBRE PERSONAL [R]
Nombre personal [NR] Peterson, Inés
9 (RLIN) 95246
700 1# - ASIENTO SECUNDARIO - NOMBRE PERSONAL [R]
Nombre personal [NR] Suárez, Gregoria P.
9 (RLIN) 95247
942 ## - ELEMENTOS DE ENTRADA AGREGADOS (KOHA)
Tipo de ítem principal el descrito en 300a Libro
Sistema de clasificación DEWEY
Tema principal Derecho
Edición 2
Clasificación 341.77
Parte restante de la signatura top. W489t
Existencias
Fecha de último préstamo Total préstamos Total Renewals Signatura topográfica Código de barras Última vez visto Ejemplar Price effective from Tipo de ítem Perdido Sistema de clasificación Dañado No prestable Tipo de ítem específico Suprimido Ubicación habitual Ubicación actual Localización Fecha de creación Forma de adquisición Costo Volúmen / Fascículo
01/02/2023 65 34 341.77 W489t 100109820 04/12/2025 Ej.1 03/02/2013 Libro   DEWEY     Libro   Claustro Claustro 3er piso 28/02/2010 Compra 535000.00  
25/07/2017 8   341.77 W489t 100120040 04/12/2025 Ej.1 03/02/2013 Libro de reserva   DEWEY     Libro de reserva   Claustro Claustro 3er piso 30/09/2011 Compra 340000.00 2a. Ed.